000 00240nam a2200109 a 4500
005 20140414132050.0
008 110330s19uu xx 00 eng d
050 _aP
_bFOR
245 _aForce and motion.
999 _c114130
_d114130